000 00821nam a22002297a 4500
005 20170124105930.0
010 _aB-092546
020 _a9798177080376
_c1480.00
035 _aB-092546
037 _bCen Lib/Ret
040 _aDPL
_bEN
082 _a363.8
_bFOO
245 _aFood standards and safety in a globalised world :
_cedited by Sri Ram Khanna [and] Madhu saxena
_bthe impect of WTO and codex /
260 _a Delhi
_bNew century publications
_c2003
270 _a34,Gujranwala town part-2
_b Delhi
_e110009
300 _axxiii,505p.
_c24cm(Hb)
650 _aFood adulteration and inspection -- Government policy
_972977
650 _aFood industry and trade -- Safety measures
_972978
700 _aKhanna,Ram Sri
_970672
700 _aSaxena,Madhu
_98014
942 _2ddc
_cEN
_h363.8
_mFOO
999 _c123781
_d123781